[Event "Pardubice Kraj op-G"]
[Site "Pardubice"]
[Date "2020.09.24"]
[Round "8"]
[White "Babula, Vlastimil1111"]
[Black "Cermak, Jan"]
[Result "1-0"]
[WhiteElo "2039"]
[BlackElo "1853"]
[PlyCount "107"]
[EventDate "2020.09.23"]
[EventType "swiss (rapid)"]
[EventRounds "9"]
[EventCountry "CZE"]
[SourceTitle "CBM 198 Extra"]
[Source "ChessBase"]
[SourceDate "2020.11.30"]
[SourceVersion "1"]
[SourceVersionDate "2020.11.30"]
[SourceQuality "1"]

1. e4 e5 2. Nf3 Nf6 3. Nxe5 d6 4. Nc4 Nxe4 5. Qe2 Qe7 6. Ne3 Nf6 7. Nc3 Nc6 8. d3 Be6 9. Bd2 Nd4 10. Qd1 Bg4 11. f3 Bd7 12. Ne2 Nxe2 13. Bxe2 g6 14. 0-0 Bg7 15. Kh1 0-0 16. Re1 Bc6 17. d4 Qd7 18. c3 Rfe8 19. Qb3 b6 20. a4 a5 21. Bc4 Re7 22. d5 Bb7 23. Nc2 Nh5 24. Bb5 Rxe1+ 25. Rxe1 Qf5 26. Ne3 Qf6 27. Qc4 Rc8 28. Kg1 Qf4 29. Qd3 Nf6 30. c4 Bh6 31. Bc3 Nh5 32. Bd2 Bg7 33. Bc1 Qd4 34. Qxd4 Bxd4 35. Rd1 Bc5 36. Kf1 Rd8 37. Ng4 Bc8 38. Bg5 Rf8 39. Nf6+ Kg7 40. Nxh5+ gxh5 41. Re1 f6 42. Bd2 Bf5 43. Re7+ Rf7 44. Bh6+ Kg6 45. Be8 Bd3+ 46. Ke1 Bb4+ 47. Kd1 Bxc4 48. Bxf7+ Kxh6 49. Rxc7 Bb3+ 50. Kc1 Bxa4 51. Be6 Bb3 52. f4 Bc5 53. Kd2 Bc4 54. Bf5 1-0

[Event "Pardubice Kraj op-G"]
[Site "Pardubice"]
[Date "2020.09.23"]
[Round "2"]
[White "Cerveny, Martin"]
[Black "Cermak, Jan"]
[Result "1-0"]
[WhiteElo "2396"]
[BlackElo "1853"]
[PlyCount "93"]
[EventDate "2020.09.23"]
[EventType "swiss (rapid)"]
[EventRounds "9"]
[EventCountry "CZE"]
[SourceTitle "CBM 198 Extra"]
[Source "ChessBase"]
[SourceDate "2020.11.30"]
[SourceVersion "1"]
[SourceVersionDate "2020.11.30"]
[SourceQuality "1"]

1. d4 d5 2. c4 c6 3. Nf3 Nf6 4. e3 e6 5. Nbd2 Be7 6. Bd3 0-0 7. 0-0 Nbd7 8. Qe2 b6 9. e4 dxe4 10. Nxe4 Bb7 11. Rd1 Qc7 12. Neg5 h6 13. Nh3 Bd6 14. Bc2 c5 15. Be3 cxd4 16. Rxd4 Bxf3 17. Qxf3 Bxh2+ 18. Kh1 Be5 19. Rh4 Bxb2 20. Rg1 Rac8 21. Qe2 Ne5 22. Bb1 Ba3 23. Bd4 Bd6 24. Bb2 Rce8 25. Rc1 Ng6 26. Bxf6 Nxh4 27. Bxh4 e5 28. g4 g6 29. Qe3 Kh7 30. g5 h5 31. Be4 Qd7 32. Rd1 Qe6 33. Qf3 Kg8 34. Ng1 Bc5 35. Rd5 Rd8 36. Ne2 Rxd5 37. Bxd5 Qe7 38. Ng3 a6 39. Ne4 b5 40. cxb5 axb5 41. Nf6+ Kg7 42. Bg3 Bd4 43. Bb3 Rc8 44. Ne4 Rc7 45. Kg2 Qd7 46. Qf6+ Kg8 47. Qxg6+ 1-0

[Event "Pardubice Kraj op-G"]
[Site "Pardubice"]
[Date "2020.09.23"]
[Round "4"]
[White "Soural, Jan"]
[Black "Cermak, Jan"]
[Result "1-0"]
[WhiteElo "2104"]
[BlackElo "1853"]
[PlyCount "57"]
[EventDate "2020.09.23"]
[EventType "swiss (rapid)"]
[EventRounds "9"]
[EventCountry "CZE"]
[SourceTitle "CBM 198 Extra"]
[Source "ChessBase"]
[SourceDate "2020.11.30"]
[SourceVersion "1"]
[SourceVersionDate "2020.11.30"]
[SourceQuality "1"]

1. Nf3 d5 2. c4 c6 3. e3 Nf6 4. d4 e6 5. b3 Bd6 6. Bd3 0-0 7. 0-0 Nbd7 8. Bb2 b6 9. Nc3 Bb7 10. Qc2 h6 11. Rad1 Rc8 12. e4 dxe4 13. Nxe4 Nxe4 14. Bxe4 Nf6 15. c5 Nxe4 16. Qxe4 Be7 17. Rfe1 Qc7 18. b4 Bf6 19. Bc1 Ba6 20. Bf4 Qd7 21. Bd6 Rfe8 22. Ne5 Qb7 23. Re3 Be7 24. Nxf7 Bc4 25. Nxh6+ Kh8 26. Nf7+ Kg8 27. Qg6 Bf6 28. Nh6+ Kh8 29. Rh3 1-0

[Event "Vlcnov Oharka Memorial"]
[Site "Vlcnov"]
[Date "2018.12.26"]
[Round "1"]
[White "Zpevak, Pavel"]
[Black "Cermak, Jan"]
[Result "1-0"]
[WhiteElo "2431"]
[BlackElo "1801"]
[PlyCount "31"]
[EventDate "2018.12.26"]
[EventType "swiss"]
[EventRounds "9"]
[EventCountry "CZE"]
[SourceTitle "CBM 188 Extra"]
[Source "ChessBase"]
[SourceDate "2019.02.26"]
[SourceVersion "1"]
[SourceVersionDate "2019.02.26"]
[SourceQuality "1"]

1. d4 d5 2. c4 c6 3. Nf3 Nf6 4. Qc2 e6 5. g3 Bd6 6. Bg2 0-0 7. 0-0 Nbd7 8. Nbd2 e5 9. cxd5 Nxd5 10. Nc4 Qe7 11. e4 Nb4 12. Qb3 exd4 13. Bg5 Nf6 14. Nxd6 Qxd6 15. e5 Be6 16. Qa3 1-0

[Event "Ricany op-A"]
[Site "Ricany"]
[Date "2018.08.28"]
[Round "5"]
[White "Cermak, Jan"]
[Black "Vanka, Miloslav"]
[Result "0-1"]
[WhiteElo "1878"]
[BlackElo "2140"]
[PlyCount "32"]
[EventDate "2018.08.25"]
[EventType "swiss"]
[EventRounds "9"]
[EventCountry "CZE"]
[SourceTitle "EXT 2019"]
[Source "ChessBase"]
[SourceDate "2018.10.10"]
[SourceVersion "1"]
[SourceVersionDate "2018.10.10"]
[SourceQuality "1"]

1. f4 Nf6 2. Nf3 g6 3. e3 Bg7 4. Be2 0-0 5. 0-0 d6 6. d4 c6 7. Nbd2 Nbd7 8. c4 e5 9. Bd3 Qe7 10. fxe5 dxe5 11. Qc2 Re8 12. dxe5 Ng4 13. Re1 Ndxe5 14. h3 Nxd3 15. Qxd3 Bf5 16. e4 Qc5+ 0-1

[Event "Ricany op-A"]
[Site "Ricany"]
[Date "2017.08.31"]
[Round "7"]
[White "Postupa, Pavel"]
[Black "Cermak, Jan"]
[Result "1/2-1/2"]
[WhiteElo "1984"]
[BlackElo "1904"]
[PlyCount "61"]
[EventDate "2017.08.26"]
[EventType "swiss"]
[EventRounds "9"]
[EventCountry "CZE"]
[SourceTitle "CBM 180 Extra"]
[Source "ChessBase"]
[SourceDate "2017.10.06"]
[SourceVersion "1"]
[SourceVersionDate "2017.10.06"]
[SourceQuality "1"]

1. e4 e5 2. Nf3 Nc6 3. Bb5 d6 4. 0-0 Nf6 5. Re1 Be7 6. c3 0-0 7. h3 a6 8. Ba4 b5 9. Bc2 Bb7 10. a3 d5 11. d4 dxe4 12. dxe5 Qxd1 13. Bxd1 exf3 14. exf6 Bxf6 15. Bxf3 Na5 16. Bxb7 Nxb7 17. Be3 Rfe8 18. Nd2 c5 19. Nf3 a5 20. Red1 Red8 21. Ng5 c4 22. Ne4 Be7 23. Bb6 Rxd1+ 24. Rxd1 Ra6 25. Rd7 Rxb6 26. Rxe7 Kf8 27. Rc7 Nd6 28. Nxd6 Rxd6 29. Rb7 Rd5 30. a4 bxa4 31. Rc7 1/2-1/2

[Event "FICGS W-ch st2 g03 email"]
[Site "FICGS email"]
[Date "2016.08.04"]
[Round "1"]
[White "Gazi, Miroslav"]
[Black "Cermak, Jan"]
[Result "1/2-1/2"]
[WhiteElo "2217"]
[BlackElo "2170"]
[PlyCount "74"]
[EventDate "2016.??.??"]
[EventType "tourn (corr)"]
[EventRounds "8"]
[SourceTitle "Corr 2022"]
[Source "ChessBase"]
[SourceDate "2021.10.24"]
[SourceVersion "1"]
[SourceVersionDate "2021.10.24"]
[SourceQuality "1"]

1. d4 Nf6 2. Bg5 d5 3. Nd2 c5 4. e3 cxd4 5. exd4 Nc6 6. c3 Bf5 7. Ngf3 a6 8. Nh4 Bg4 9. Be2 Bxe2 10. Qxe2 e6 11. f4 h6 12. Bxf6 Qxf6 13. g3 Bd6 14. 0-0 0-0 15. Rae1 b5 16. a3 Rab8 17. b4 a5 18. Qd3 Rfc8 19. Nb3 Rc7 20. Ra1 Ra7 21. Ng2 g6 22. Nh4 h5 23. Kg2 Kg7 24. Rfe1 Be7 25. Qe2 Bd6 26. Nf3 Qf5 27. Qb2 Rc8 28. Qe2 Be7 29. Rec1 h4 30. Nc5 Rb8 31. Rf1 Qh5 32. Rg1 Bf6 33. Kf2 Qg4 34. Ne5 Qxe2+ 35. Kxe2 Bxe5 36. fxe5 Rba8 37. Nb3 Rh8 1/2-1/2

[Event "FICGS W-ch st1 g04 email"]
[Site "FICGS email"]
[Date "2016.03.02"]
[Round "1"]
[White "Cermak, Jan"]
[Black "Aahlad, Yeturu"]
[Result "1-0"]
[WhiteElo "2101"]
[BlackElo "2001"]
[PlyCount "151"]
[EventDate "2016.??.??"]
[EventType "tourn (corr)"]
[EventRounds "8"]
[SourceTitle "Corr 2022"]
[Source "ChessBase"]
[SourceDate "2021.10.24"]
[SourceVersion "1"]
[SourceVersionDate "2021.10.24"]
[SourceQuality "1"]

1. d4 Nf6 2. c4 e6 3. g3 d5 4. Nf3 Bb4+ 5. Bd2 Be7 6. Qc2 0-0 7. Bg2 Nbd7 8. 0-0 c6 9. b3 b6 10. Rd1 Ba6 11. a4 Qc8 12. Na3 Bb7 13. Qb2 Ne4 14. Be3 a5 15. Rac1 Qe8 16. Nc2 f6 17. Nce1 Bd6 18. Nd2 Nxd2 19. Qxd2 Kh8 20. Nd3 e5 21. cxd5 cxd5 22. dxe5 fxe5 23. f4 e4 24. Ne1 Nc5 25. Rb1 Qh5 26. Nc2 Rf6 27. h3 Qf7 28. Kh2 Kg8 29. Rf1 Rg6 30. Nd4 Na6 31. h4 Rf6 32. Bh3 Rf8 33. f5 Nc5 34. Bf4 Qe7 35. Bxd6 Qxd6 36. Qf4 h5 37. Qxd6 Rxd6 38. Rf4 Rdf6 39. g4 hxg4 40. Rxg4 Bc8 41. Rbg1 R8f7 42. Rg6 Bd7 43. Kg3 Kh7 44. Rg5 Re7 45. e3 Ref7 46. Bg4 Kh8 47. Rc1 Rf8 48. Rg1 R8f7 49. Rd1 Kg8 50. Rd2 Kh7 51. Bh5 Rf8 52. Bg6+ Kg8 53. h5 Nd3 54. Rh2 Ne5 55. h6 Nxg6 56. fxg6 gxh6 57. Rxh6 Be8 58. Kh4 Rf1 59. Rgh5 Rh1+ 60. Kg3 Rxh5 61. Rxh5 Rf6 62. Rxd5 Kg7 63. Re5 Bxg6 64. Kh4 Kh6 65. Kg4 Rd6 66. Nf5+ Bxf5+ 67. Kxf5 Kg7 68. Re6 Rd3 69. Rxb6 Rxe3 70. Kf4 Rh3 71. Kxe4 Kf7 72. Kd5 Rc3 73. Rb5 Ke7 74. Kd4 Rf3 75. Kc5 Kd8 76. Kb6 1-0

[Event "FICGS W-ch st1 g04 email"]
[Site "FICGS email"]
[Date "2016.03.02"]
[Round "1"]
[White "Leurette, Marc Antoine"]
[Black "Cermak, Jan"]
[Result "0-1"]
[WhiteElo "1122"]
[BlackElo "2101"]
[PlyCount "42"]
[EventDate "2016.??.??"]
[EventType "tourn (corr)"]
[EventRounds "8"]
[SourceTitle "Corr 2022"]
[Source "ChessBase"]
[SourceDate "2021.10.24"]
[SourceVersion "1"]
[SourceVersionDate "2021.10.24"]
[SourceQuality "1"]

1. e4 e5 2. Nf3 Nc6 3. Bc4 Nf6 4. Ng5 d5 5. exd5 Na5 6. Bb5+ c6 7. dxc6 bxc6 8. Be2 h6 9. Nf3 e4 10. Ne5 Bc5 11. d4 Bxd4 12. f4 Qb6 13. Qd2 0-0 14. c3 Bf2+ 15. Kf1 e3 16. Qc2 Nd5 17. Nc4 Nxc4 18. Bxc4 Re8 19. Be2 Nxf4 20. Bf3 e2+ 21. Bxe2 Nxe2 0-1

[Event "FICGS rapid B 000234 email"]
[Site "FICGS email"]
[Date "2015.09.21"]
[Round "1"]
[White "Cirulis, Ilmars"]
[Black "Cermak, Jan"]
[Result "0-1"]
[WhiteElo "1908"]
[BlackElo "2004"]
[PlyCount "76"]
[EventDate "2015.??.??"]
[EventType "tourn (rapid)"]
[EventRounds "6"]
[SourceTitle "Corr 2022"]
[Source "ChessBase"]
[SourceDate "2021.10.24"]
[SourceVersion "1"]
[SourceVersionDate "2021.10.24"]
[SourceQuality "1"]

1. b4 e5 2. a3 d5 3. e3 Nf6 4. Bb2 Bd6 5. c4 c6 6. d4 e4 7. h3 dxc4 8. Bxc4 0-0 9. Ne2 Nbd7 10. Nd2 Nb6 11. Bb3 Re8 12. Nc3 Nbd5 13. Qe2 Nxc3 14. Bxc3 Nd5 15. Bb2 Qg5 16. g3 Qg6 17. Nc4 Bc7 18. Ne5 Qe6 19. Nc4 Qh6 20. h4 Be6 21. Bd1 Nf6 22. Ne5 Rad8 23. Rc1 Bxe5 24. dxe5 Nd7 25. Qc2 Bd5 26. 0-0 Nxe5 27. Bxe5 Rxe5 28. Be2 Qf6 29. Qc5 b6 30. Qc3 Rd6 31. Rfd1 h5 32. Bc4 g5 33. hxg5 Qxg5 34. Bxd5 Rexd5 35. Rd4 Rxd4 36. exd4 h4 37. Qe3 Qxe3 38. fxe3 Rg6 0-1

[Event "FICGS W-ch st1 g08 email"]
[Site "FICGS email"]
[Date "2015.07.02"]
[Round "1"]
[White "Cermak, Jan"]
[Black "Duenas, Alexis"]
[Result "1-0"]
[WhiteElo "2107"]
[BlackElo "1894"]
[PlyCount "79"]
[EventDate "2015.??.??"]
[EventType "tourn (corr)"]
[EventRounds "8"]
[SourceTitle "Corr 2022"]
[Source "ChessBase"]
[SourceDate "2021.10.24"]
[SourceVersion "1"]
[SourceVersionDate "2021.10.24"]
[SourceQuality "1"]

1. d4 Nf6 2. c4 e6 3. Nf3 Bb4+ 4. Bd2 Bxd2+ 5. Qxd2 0-0 6. g3 b6 7. Bg2 Bb7 8. Nc3 Ne4 9. Qd3 Nxc3 10. Ng5 Ne4 11. Bxe4 Bxe4 12. Qxe4 Qxg5 13. Qxa8 Nc6 14. Qb7 Nxd4 15. Rd1 c5 16. e3 Nc2+ 17. Kd2 Qf5 18. Qg2 Nb4 19. e4 Qh5 20. f4 Rd8 21. a3 Nc6 22. Kc1 Nd4 23. g4 Qg6 24. h4 e5 25. f5 Qc6 26. Kb1 b5 27. cxb5 Qxb5 28. Rh3 Rb8 29. Re3 Qa4 30. Rc1 d6 31. g5 g6 32. f6 Nb5 33. Ka2 Nd4 34. h5 gxh5 35. Qh2 Qb5 36. Kb1 Qb7 37. Rh1 a5 38. Ka2 Qb5 39. Qd2 Qc4+ 40. Kb1 1-0